ბათუმის შოთა რუსთაველის სახელმწიფო უნივერსიტეტის ბიბლიოთეკა

ტყე ტიროდა. (ბიბ.ჩანაწერი № 44103)

000 -LEADER
fixed length control field 00532nam a2200157Ia 4500
001 - CONTROL NUMBER
control field 10861
003 - CONTROL NUMBER IDENTIFIER
control field GE_BSU
008 - FIXED-LENGTH DATA ELEMENTS--GENERAL INFORMATION
fixed length control field 181216s||||||||xx |||||||||||||| ||und||
040 ## - CATALOGING SOURCE
Transcribing agency GE_BSU
100 ## - MAIN ENTRY--PERSONAL NAME
Personal name ქეთელაური,სულხან
245 ## - TITLE STATEMENT
Title ტყე ტიროდა.
245 ## - TITLE STATEMENT
Remainder of title მოთხრობები.
245 ## - TITLE STATEMENT
Statement of responsibility, etc. რედ.ჯ.ბაჯელიძე;მხატვ.ზ.მეძმარიაშვილი,გ.გიგაური.
653 ## - INDEX TERM--UNCONTROLLED
Uncontrolled term ტყე ტიროდა.
942 ## - ADDED ENTRY ELEMENTS (KOHA)
Koha item type წიგნი

არაა ხელმისაწვდომი ეგზემპლარები.